000 00498cam a2200145 4500500
005 20251012011433.0
041 _afre
042 _adc
100 1 0 _aFleury, Pauline
_eauthor
245 0 0 _aCharlotte Casiraghi / André Comte-Sponville. L’amour, la solitude
260 _c2015.
500 _a33
786 0 _nPhilosophie magazine | 93 | 10 | 2015-10-01 | p. 14-16 | 1951-1787
856 4 1 _uhttps://shs.cairn.info/magazine-philosophie-magazine-2015-10-page-14?lang=fr&redirect-ssocas=7080
999 _c1523053
_d1523053